000 00284nam a22001337a 4500
008 170313b xxu||||| |||| 00| 0 eng d
020 _a9780073524238
041 _aeng
080 _26 ED
_a591
100 _a7
101 _aSHM
245 _aVERTBRATES
_cKARDONG.K.V
942 _2udc
_cBK
999 _c7687
_d7687